• 首页
  • 本馆介绍
  • 公告通知
  • 最新文献
  • 馆藏检索
  • 电子资源
  • 读者导购
  • 参考咨询
  • 我的图书馆
  • 登录
  • 详细信息显示
  • 放入我的书架
  • 预约/预借图书
  • 作者相关作品
  • 分类相关作品
  • 丛书相关作品
  • 出版社相关作品

书目信息

  • 表格格式
  • 工作单格式
  • 卡片格式
题名:
中学写作教学讲稿
    
 
作者: 张红顺 著
分册:  
出版信息: 保定   河北大学出版社  2014.10
页数: 290页
开本: 24cm
丛书名: 廊坊师范学院文学院五十年发展纪念文丛
单 册:
中图分类: G633.342
科图分类:
主题词: 作文课--Zuo Wen Ke--教学研究--中学 , 教学研究--Jiao Xue Yan Jiu , 中学--Zhong Xue
电子资源:
ISBN: 978-7-5666-0788-1
000 01083nam0 22002771 450
001 351135
005 20161012081912.10
010    @a978-7-5666-0788-1@dCNY38.00
100    @a20141209d2014 em y0chiy50 ea
101 0  @achi
102    @aCN@b130000
105    @ay z 000yy
106    @ar
200 1  @a中学写作教学讲稿@AZhong Xue Xie Zuo Jiao Xue Jiang Gao@f张红顺著
210    @a保定@c河北大学出版社@d2014.10
215    @a290页@d24cm
225 2  @a廊坊师范学院文学院五十年发展纪念文丛@ALang Fang Shi Fan Xue Yuan Wen Xue Yuan Wu Shi Nian Fa Zhan Ji Nian Wen Cong@f许振东总主编
330    @a本书分十五讲,分别就写作的本质、中学写作的目标、中学写作教学的变迁、写作教学中的训练、语文教育家作文观、语文特级教师作文观、高考话题作文等进行了论述与评价。
461  0 @12001 @a廊坊师范学院文学院五十年发展纪念文丛
606 0  @a作文课@AZuo Wen Ke@x教学研究@x中学
606 0  @a教学研究@AJiao Xue Yan Jiu
606 0  @a中学@AZhong Xue
690    @aG633.342@v5
701  0 @a张红顺@AZhang Hong Shun@4著
801  0 @aCN@bTANGWEI@c20160812
905    @b0893296-300@dG633.342@e608@f5
    
    中学写作教学讲稿/张红顺著 .-保定:河北大学出版社,2014.10
    290页;24cm.-(廊坊师范学院文学院五十年发展纪念文丛/许振东总主编)
    
    
    ISBN 978-7-5666-0788-1:CNY38.00
    本书分十五讲,分别就写作的本质、中学写作的目标、中学写作教学的变迁、写作教学中的训练、语文教育家作文观、语文特级教师作文观、高考话题作文等进行了论述与评价。
●
相关链接 在E读中查询图书 在五车中查询图书 在当当中查询图书 在豆瓣中查询图书


正题名:中学写作教学讲稿     索取号:G633.342/608         预约/预借

序号 登录号 条形码 馆藏地/架位号 状态 备注
1 0893296   208932967   第一样本阅览室/ [索取号:G633.342/608] 在馆    
2 0893297   208932976   第四借阅区/ [索取号:G633.342/608] 在馆    
3 0893298   208932985   第四借阅区/ [索取号:G633.342/608] 在馆    
4 0893299   208932994   第四借阅区/ [索取号:G633.342/608] 在馆    
5 0893300   208933001   第四借阅区/ [索取号:G633.342/608] 在馆    
唐山师范学院图书馆 欢迎您!
大连网信软件有限公司© 版权所有